The Non-Sense Quiz |The Logic Quiz| - Statistics

General Stats
  • This quiz has been taken 181 times
  • The average score is 13 of 14
Answer Stats
Hint Option 1 Option 2 Option 3 Answer % Correct
How cardboard tastes like? Disgusting Tasty Like cardboard Cardboard
99%
How many months have 12 days? 1 12 Some 12
96%
What is always coming but never arrives? Tomorrow Meteor Answer Tomorrow
95%
When will be 11+2=1 x+y=1 In Math In watch In watch
94%
Robert, my neighbor, a forty-five-year-old blacksmith is seven feet tall, and eats all day long. What does he weigh? 45 Iron 100 Iron
94%
Is it legal for a man to marry his widow’s sister? Yes No - No
94%
What do you always see at the beginning of a parade? Flag A person P P
93%
Which option has maximum dots? :::::::::: !!!!!!!!!!!!!!!! .......... 1
92%
If you divide 30 by half and add ten, what do you get? 25 70 15 70
91%
Who is bigger, Mr. Bigger, Mrs. Bigger, or their baby? Mr.Bigger Mrs. Bigger Their baby Their baby
91%
Among the alphabet letters, which makes honey? H B O B
89%
Which is correct? “Penguins flies” or “A penguin flies.” Penguins Flies A Penguin Flies None None
87%
All things in a single storeyed house has flooring of white color, what will be stairs' color? White Brown Not Existing Not Existing
87%
If George’s father has four children – Eenie, Meenie, Miney – what is the name of his fourth child?(No options for this) _ _ _ George
80%
No matching quizzes found
Score Distribution
Percent of People with Each Score
Percentile by Number Answered
Your Score History
You have not taken this quiz